Cẩm nang sửa chữa xe ô tô

Sách trình bày những điều cơ bản trong việc sử dụng xe hơi, tìm hiểu vai trò và cách hoạt động của các bộ phận trên.

Salvato in:
Dettagli Bibliografici
Autore principale: Quốc Bình
Natura: Libro
Lingua:Undetermined
Pubblicazione: Hà Nội Giao thông Vận tải 2009
Soggetti:
Tags: Aggiungi Tag
Nessun Tag, puoi essere il primo ad aggiungerne! !
Thư viện lưu trữ: Trung tâm Học liệu Trường Đại học Cần Thơ
LEADER 00912nam a2200241Ia 4500
001 CTU_154982
008 210402s9999 xx 000 0 und d
020 |c 52000 
082 |a 629.287 
082 |b Qu451/T.1 
100 |a Quốc Bình 
245 0 |a Cẩm nang sửa chữa xe ô tô 
245 0 |c Quốc Bình, Văn Cảnh 
260 |a Hà Nội 
260 |b Giao thông Vận tải 
260 |c 2009 
520 |a Sách trình bày những điều cơ bản trong việc sử dụng xe hơi, tìm hiểu vai trò và cách hoạt động của các bộ phận trên. 
526 |a Thực tập sửa chữa ô tô 
526 |b CN574 
650 |a Automobiles,Xe ô tô 
650 |x Maintenance and repair,Sự bảo dưỡng và sửa chữa 
904 |i Năm 
980 |a Trung tâm Học liệu Trường Đại học Cần Thơ